000 01002cam a2200217 4500
001 WB@3612-759
008 040713n2004 000 0 eng u
035 _a(Sirsi) u126757
245 _aRural proofing
260 _c2004
490 _aCountryside Agency Press Release
_v7 July 2004 (4)
520 _aThe Countryside Agency has published "Rural Proofing in 2003/2004 - a report to the government" (http://www.countryside.gov.uk/WhoWeAreAndWhatWeDo /ca174.asp) which looks at whether government departments have considered the rural implications of their policies. The ODPM has been criticised for relaxing its national housing target for affordable housing in regard to smaller settlements. http://www.countryside.gov.uk/WhoWeAreAndWhatWeDo/ pressCentre/ruralproofingreport.asp
590 _aWB
590 _aWB
650 _aRURAL COMMUNITIES
650 _aAffordable housing
_96215
650 _aRURAL DEVELOPMENT
650 _aRURAL PROOFING
690 _aRURAL
_96268
942 _n0
999 _c117682
_d117682